| 000 | 01043nam a22002417a 4500 | ||
|---|---|---|---|
| 005 | 20081223105637.0 | ||
| 008 | 081223t xxu||||| |||| 00| 0 eng d | ||
| 010 | _aB-283763 , UR-7529 | ||
| 020 |
_a9788182234024 _c250.00 |
||
| 035 | _aB-283763 | ||
| 035 | _aU-6084 | ||
| 040 |
_adpl _bur |
||
| 082 | _a841.08 | ||
| 100 | _aعبدالہّ امتیاز احمد | ||
| 245 |
_aاردو لوک ادب میں خواتین کا حصّھ _cعبدالہّ امتیاز احمد |
||
| 260 |
_aدہلی _bیجو کیشن لپبلیشنک ہاوس _c2008 |
||
| 300 |
_a214 p. _c22 cm. |
||
| 650 | _aUrdu literature | ||
| 650 | _aاردو ادب | ||
| 942 |
_2ddc _cUR _h841.08 _mع ب د |
||
| 999 |
_c20194 _d20194 |
||